ARRUPE JESUIT UNIVERSITY

CORONAVIRUS -STOP THE SPREAD - CLEAN,DISINFECT,COVER

Portugal (Record no. 119719)

MARC details
000 -LEADER
fixed length control field 00442nam a22001457a 4500
008 - FIXED-LENGTH DATA ELEMENTS--GENERAL INFORMATION
fixed length control field 140128b xxu||||| |||| 00| 0 eng d
020 ## - INTERNATIONAL STANDARD BOOK NUMBER
International Standard Book Number 978-0-946995-63-9
050 ## - LIBRARY OF CONGRESS CALL NUMBER
Classification number DT3615.S68 2010
100 ## - MAIN ENTRY--PERSONAL NAME
Personal name Southern, Paul
9 (RLIN) 7131
245 ## - TITLE STATEMENT
Title Portugal
Remainder of title The scramble for Africa
Statement of responsibility, etc Paul Southern
260 ## - PUBLICATION, DISTRIBUTION, ETC. (IMPRINT)
Place of publication, distribution, etc England
Name of publisher, distributor, etc Galago Books
Date of publication, distribution, etc 2010
300 ## - PHYSICAL DESCRIPTION
Extent 255p. ;
Dimensions 34cm.
650 ## - SUBJECT ADDED ENTRY--TOPICAL TERM
Topical term or geographic name as entry element Colonies
General subdivision History
Geographic subdivision Portugal
-- Africa
9 (RLIN) 7132
942 ## - ADDED ENTRY ELEMENTS (KOHA)
Source of classification or shelving scheme Library of Congress Classification
Item type Monograph ( Printed materials)
Holdings
Withdrawn status Lost status Source of classification or shelving scheme Damaged status Not for loan Home library Current library Date acquired Total Checkouts Full call number Barcode Date last seen Price effective from Koha item type
    Library of Congress Classification     ARRUPE LIBRARY ARRUPE LIBRARY 28/01/2014   DT3615.S68 2010 464122283 07/12/2017 28/01/2014 Monograph ( Printed materials)

 

Arrupe Library. PO Box MP320 Mt Pleasant, Harare, Zimbabwe
263 242 745411|librarian@aju.ac.zw